Loading...
Science - Physics | 0 | 4 | 0 | 0 | 40 | 64 | 74.50 | 3 | 4 |
Fine Arts - Painting and Sculpture | 0 | 3 | 0 | 1 | 30 | 105 | 111.33 | 2 | 3 |
Fine Arts - Classical Music | 0 | 3 | 0 | 2 | 30 | 131 | 135.67 | 2 | 3 |
Pop Culture | 0 | 2 | 0 | 0 | 20 | 78 | 106.50 | 2 | 2 |
Science - Chemistry | 0 | 2 | 0 | 2 | 20 | 112 | 117.50 | 1 | 2 |
Science - Other Science | 0 | 2 | 0 | 0 | 20 | 84 | 97.00 | 0 | 2 |
Current Events | 0 | 1 | 0 | 0 | 10 | 73 | 73.00 | 1 | 1 |
History - American History | 0 | 1 | 0 | 1 | 10 | 112 | 112.00 | 0 | 1 |
Science - Biology | 0 | 1 | 1 | 1 | 5 | 122 | 122.00 | 0 | 1 |
Social Science | 0 | 0 | 0 | 0 | 0 | 0.00 | 0 | 0 | |
History - World History | 0 | 0 | 1 | 0 | -5 | 0.00 | 0 | 0 | |
Fine Arts - Other Fine Arts | 0 | 0 | 1 | 0 | -5 | 0.00 | 0 | 0 |